000 00539nam a22001817a 4500
999 _c478694
_d478694
003 NUST
005 20180709060709.0
008 180709b ||||| |||| 00| 0 eng d
020 _a9787513502207
038 _a0
040 _a0
082 _a951
100 _4Foreign Language Teaching and research press
245 _a800 Chinee Alfaz (Rozmara zaroorat ki chinee lughat)
_cForeign Language Teaching and research press
260 _aBeijing
_bForeign Language Teaching and research press
_c2010
300 _a645p
942 _2ddc
_cBK